Die teuersten Fußballtransfers - Geboren 1989 - Statistiken

Allgemein
  • Dieses Quiz wurde 44 mal gespielt
  • Das Durchschnittsergebnis liegt bei 5 aus 12
Antwortstatistiken
Ablöse (M €) Saison Nationalität Abgebender Verein Aufnehmender Verein Spieler % Korrekt
101,00 2013-2014 Wales Tottenham Real Madrid Gareth Bale
100%
63,75 2017-2018 Frankreich / Gabun Borussia Dortmund FC Arsenal Pierre-Emerick Aubameyang
97%
49,40 2017-2018 Island Swansea City FC Everton Gylfi Sigurdsson
79%
40,00 2012-2013 Belgien Benfica Zenti S-Pb Axel Witsel
68%
42,00 2016-2017 Armenien Borussia Dortmund Manchester United Henrikh Mkhitaryan
63%
36,00 2014-2015 Spanien Athletic Bilbao Manchester United Ander Herrera
24%
35,00 2019-2020 Niederlandes FC Barcelona FC Valencia Jasper Cillessen
24%
42,00 2011-2012 Argentinien US Palermo Paris SG Javier Pastore
24%
41,00 2010-2011 England Newcastle United FC Liverpool Andy Carroll
21%
35,00 2016-2017 Frankreich Newcastle Tottenham Moussa Sissoko
18%
35,00 2015-2016 Frankreich Southampton Manchester United Morgan Schneiderlin
11%
35,60 2017-2018 Spanien FC Sevilla Atlético Madrid Vitolo
0%
Keine übereinstimmenden Quizze gefunden
Verteilung der Resultate
Anzahl Personen mit jedem Resultat
Perzentil nach korrekt beantworteten Fragen
Ihre Resultats-Entwicklung
Sie haben dieses Quiz noch nicht gespielt